| 000 | 00725cam a2200241 a 4500 | ||
|---|---|---|---|
| 020 | _a0855985232 | ||
| 040 | _cEQO | ||
| 082 | _a331 OXF 2004 A065 Or. | ||
| 100 | 1 | _aRaworth, Kate. | |
| 245 | 1 | 0 |
_aTrading away our rights : _bwomen working in global supply chains / |
| 260 |
_aOxford : _bOxfam International, _c2004. |
||
| 300 |
_a101 p. : _bcol. ill. ; _c26 cm. |
||
| 500 | _aCover title. | ||
| 650 | 0 | _aWomen employees | |
| 650 | 0 | _aWomen employees | |
| 650 | 0 | _aWomen | |
| 650 | 0 | _aWages | |
| 650 | 0 | _aBusiness logistics | |
| 700 | 1 | _aCoryndon, Anna. | |
| 856 | 4 | 1 | _uhttp://www.loc.gov/catdir/toc/fy051/2004444636.html |
| 856 | 4 | 2 | _uhttp://www.loc.gov/catdir/enhancements/fy1115/2004444636-d.html |
| 942 | _cEK | ||
| 999 |
_c14278 _d14278 |
||